Quick Pick: Boxing Weight Classes in Order Quiz Stats

 Plays Quiz Updated Dec 26, 2016

Support Sporcle.
Go Orange.
Score 0/10 Timer 01:00
1 Play Today
% Correct
Flyweight
82.1%
Super Heavyweight
74%
Heavyweight
70%
Middleweight
65.8%
Light Heavyweight
65.6%
Light Flyweight
64.5%
Welterweight
63.8%
Lightweight
62.7%
Bantamweight
62.5%
Light Welterweight
58.6%

Today's Daily Dose

You're not logged in!

Compare scores with friends on all Sporcle quizzes.
OR
Log In
Forgot?

From the Vault

'00s Movies by Quote

by minshkins

Don't quote us on this.
Remove Ads.
Support Sporcle.
Get the best of Sporcle when you Go Orange. This ad-free experience offers more features, more stats, and more fun while also helping to support Sporcle. Thank you for becoming a member.

Show Comments

Extras

Top Quizzes Today


Score Distribution

Your Account Isn't Verified!

In order to create a playlist on Sporcle, you need to verify the email address you used during registration. Go to your Sporcle Settings to finish the process.

Report this User

Report this user for behavior that violates our Community Guidelines.

Details: